Φιλία και ομοφυλοφιλία τον 11ο και 12ο αιώνα στο Βυζάντιο

Αποθηκεύτηκε σε:
Λεπτομέρειες βιβλιογραφικής εγγραφής
Κύριος συγγραφέας: Δημοσθένους, Ανθούλλης Α., 1976-
Μορφή: Βιβλίο
Γλώσσα:Greek
English
Δημοσίευση: Θεσσαλονίκη : Σταμούλης, 2004.
Σειρά:Βυζάντιο - Ιστορία ((Εκδοτικός Οίκος Αντ. Σταμούλης)
Θέματα:
Ετικέτες: Προσθήκη ετικέτας
Δεν υπάρχουν, Καταχωρήστε ετικέτα πρώτοι!

MARC

LEADER 00000cam a2200000 i 4500
001 1/78705
008 050614s2004 gr | ||| |||| ||gre||
020 |a 9608353203 
035 |l 10078572 
040 |a GR-MY-UA  |b gre  |e aacr 
041 1 |a gre  |h eng 
082 7 |a 938.306   |2 (22) 
100 1 |a Δημοσθένους, Ανθούλλης Α.,   |d 1976- 
245 1 0 |a Φιλία και ομοφυλοφιλία τον 11ο και 12ο αιώνα στο Βυζάντιο /   |c Ανθούλλης Α. Δημοσθένους.  
260 |a Θεσσαλονίκη :   |b Σταμούλης,   |c 2004.  
300 |a 224 σ. :   |b εικ. ;   |c 25 εκ.  
490 1 |a (Βυζάντιο / Ιστορία)  
500 |a Μετάφραση του: Friendship and homosexuality in Byzantine 11th and 12th centuries 
504 |a Περιέχει βιβλιογραφικές παραπομπές.  
650 0 0 |a Homosexuality  |z Byzantine Empire. 
650 0 0 |a Sexual ethics  |z Byzantine Empire. 
650 0 0 |a Friendship  |z Byzantine Empire. 
651 0 |a Byzantine Empire  |x Social life and customs. 
651 0 |a Byzantine Empire  |x Politics and government  |y 1081-1453. 
830 0 |a Βυζάντιο - Ιστορία ((Εκδοτικός Οίκος Αντ. Σταμούλης) 
852 |a INST  |b RHODES  |e 20050614  |h 938.306 ΑΝΘ  |p 005400023224  |q 005400023224  |t BK  |y 0 
901 |a BIBL4-2005-2 
909 |a Ρ  |b 110903 
970 |a ΣΙΔΕΡΗ  |b ΝΕΚΤΑΡΙΑ  |z 2005/06/14